Hladný ako vlk Milan Malatinský na odchode z Trnavy: "Do Vianoc chcem vedieť, kde zakotvím..."

Bibliographic Details
Main Authors: Malatinský, Milan (Author), Hanák, Peter (Author)
Format: Article
Language:Slovak
PhysicalDescription:Fotogr. 1
Subjects:

MARC

LEADER 00000nab a2200000 a 4500
001 vtls000536912
003 SK-MaSNL
005 20260303005736.0
008 120928c1994 xo 0 slo
015 |a SNBRB19rr/mm-uuuuu 
035 |a CL0537050 
040 |a SNKBUCL  |b slo  |c SNKBUCL  |e AACR2 
041 0 |a slo 
044 |a xo  |c SK 
080 |a 796.332.071  |2 1981 
100 1 |a Malatinský, Milan  |4 aut  |9 986244 
245 1 0 |a Hladný ako vlk  |b Milan Malatinský na odchode z Trnavy: "Do Vianoc chcem vedieť, kde zakotvím..."  |c Milan Malatinský, Peter Hanák 
300 |b Fotogr. 1 
600 1 7 |a Malatinský, Milan,  |d 1970-2018  |2 snkbucl  |9 986245 
655 7 |a články z novín a časopisov  |2 snkbucl  |9 267496 
655 7 |a rozhovory  |2 ttkjf  |9 31831 
700 1 |a Hanák, Peter  |4 aut  |9 339394 
773 0 |t Šport  |g Roč. 48, č. 294 (20. 12. 1994), s. 3 
850 |a Slovenská národná knižnica v Martine  |a MTA001 
852 |a SNK  |b KIS3GCP 
958 |a RK 
992 |a RBX 
999 |c 1584049  |d 1585979